| 000 | 00000nam##2200000za#4500 |
| 001 | 9.600913 |
| 003 | CaOODSP |
| 005 | 20210624205821 |
| 007 | cr ||||||||||| |
| 008 | 150406|1994||||xxc|||||o f|0| 0 fre|d |
| 040 | |aCaOODSP|bfre |
| 043 | |an-cn--- |
| 086 | 1 |aNM95-57/6-4-1994F-PDF |
| 110 | 1 |aCanada.|bPatrimoine canadien. |bInstitut canadien de conservation. |
| 245 | 13|aLe soin des objets ornés de perles de verre |h[ressource électronique] |
| 260 | |aOttawa - Ontario : |bPatrimoine canadien. |cc1994. |
| 300 | |a4p.|bfigure |
| 490 | 1 |aNotes de l'ICC |v6/4 |
| 500 | |aLe nº de catalogue (NM95-57/6-4-1987F) et l'ISSN (1191-7237) copiés dans cette édition électronique sont incorrects. |
| 504 | |aBibliographie. |
| 590 | |a11-10-Supp|b2011-07-11 |
| 775 | 08|tCare of objects decorated with glass beads |w(CaOODSP)9.570148 |
| 776 | 0#|tLe soin des objets ornés de perles de verre |w(CaOODSP)9.622653 |
| 830 | #0|aNotes de l'ICC ;|v6/4|w(CaOODSP)9.502751 |
| 856 | 40|ahttp://publications.gc.ca|qPDF|s1.54 Mo|uhttps://publications.gc.ca/collections/collection_2011/pc-ch/NM95-57-6-4-1994-fra.pdf|y6/4 |